000 00318nam a22001457a 4500
008 180813b xxu||||| |||| 00| 0 eng d
020 _a0896031101
041 _aeng
080 _a617
082 _a617 BEV
100 _a5
101 _aKIR
245 _aThe resistance vasculature
_cBevan.J.A
942 _2udc
_cBK
999 _c47032
_d47032